[Event "North Bay int."]
[Site "North Bay CAN"]
[Date "1996.08.11"]
[Round "9"]
[White "Heyer, Jon Paul"]
[Black "Palsson, Halldor"]
[Result "1/2-1/2"]
[WhiteElo "2233"]
[BlackElo "2125"]
[PlyCount "82"]
[EventDate "1996.08.07"]
[EventType "swiss"]
[EventRounds "9"]
[EventCountry "CAN"]

1. b3 Nf6 2. Bb2 g6 3. e4 d6 4. f4 Bg7 5. Nf3 O-O 6. Bd3 Nc6 7. a3 Bg4 8. h3
Bxf3 9. Qxf3 e5 10. Nc3 exf4 11. Ne2 Ne5 12. Bxe5 dxe5 13. O-O-O Nd7 14. g4
fxg3 15. Nxg3 Nc5 16. Bc4 Qd6 17. h4 Ne6 18. h5 Qxa3+ 19. Kb1 Nd4 20. Qg4 b5
21. Bd5 c6 22. hxg6 cxd5 23. Rxh7 Nxb3 24. Rxg7+ Kxg7 25. gxf7+ Kxf7 26. Qd7+
Kg6 27. Qg4+ Kf7 28. Qf5+ Ke7 29. Qxe5+ Kd7 30. Qxd5+ Kc7 31. cxb3 Kb6 32. Nf5
Qc5 33. Qe6+ Qc6 34. Qe5 Rfe8 35. Ne7 Rxe7 36. Qxe7 Rc8 37. Ka1 Qc2 38. Qd6+
Rc6 39. Qd8+ Ka6 40. Rb1 Qxe4 41. Rb2 Rc1+ 1/2-1/2

[Event "North Bay int."]
[Site "North Bay CAN"]
[Date "1996.08.11"]
[Round "9"]
[White "Hum, Peter"]
[Black "Southam, David"]
[Result "0-1"]
[WhiteElo "2234"]
[BlackElo "2308"]
[PlyCount "100"]
[EventDate "1996.08.07"]
[EventType "swiss"]
[EventRounds "9"]
[EventCountry "CAN"]

1. e4 c5 2. Nf3 e6 3. Qe2 Nc6 4. g3 Be7 5. d3 d5 6. Bg2 Nf6 7. O-O b6 8. e5 Nd7
9. c4 d4 10. Re1 Bb7 11. h4 h6 12. h5 Qc7 13. Bh3 O-O-O 14. a3 Kb8 15. Nbd2 Bg5
16. b4 cxb4 17. Bg2 Nc5 18. Nxg5 hxg5 19. Ne4 Nxe4 20. Bxe4 f5 21. exf6 gxf6
22. axb4 g4 23. b5 Ne5 24. h6 Bxe4 25. Qxe4 Nf3+ 26. Kf1 Nxe1 27. Kxe1 f5 28.
Qh1 e5 29. Ra2 f4 30. Qh5 fxg3 31. fxg3 Rde8 32. Rf2 Qc5 33. Qxg4 Qb4+ 34. Bd2
Qb1+ 35. Ke2 e4 36. Bf4+ Ka8 37. Be5 Qxd3+ 38. Ke1 Qc3+ 39. Kf1 Qc1+ 40. Kg2
Rxe5 41. Qg7 Rhe8 42. Rf7 Qb2+ 43. Kg1 Qa1+ 44. Rf1 Qa3 45. h7 Qe3+ 46. Kg2 Rh5
47. Qd7 Qe2+ 48. Rf2 Rh2+ 49. Kxh2 Qxf2+ 50. Kh1 Qf8 0-1

[Event "North Bay int."]
[Site "North Bay CAN"]
[Date "1996.08.11"]
[Round "9"]
[White "Jung, Hans"]
[Black "Salman, Joel"]
[Result "0-1"]
[WhiteElo "2327"]
[BlackElo "2356"]
[PlyCount "58"]
[EventDate "1996.08.07"]
[EventType "swiss"]
[EventRounds "9"]
[EventCountry "CAN"]

1. e4 c5 2. Nf3 Nc6 3. h3 Nf6 4. e5 Nd5 5. Bc4 e6 6. O-O Nb6 7. Bb5 Qc7 8. Re1
d5 9. exd6 Bxd6 10. d4 O-O 11. dxc5 Bxc5 12. Bd3 e5 13. Ng5 f5 14. a4 a5 15. h4
e4 16. Bf1 Qg3 17. Be3 Bxe3 18. Rxe3 Qxh4 19. Bc4+ Nxc4 20. Qd5+ Kh8 21. Nf7+
Rxf7 22. Qxf7 Be6 23. Qxe6 Nxe3 24. fxe3 Qe1+ 25. Kh2 Qxe3 26. Qxf5 Nd4 27. Qh3
Qf4+ 28. Qg3 Qh6+ 29. Qh3 Qc1 0-1

[Event "North Bay int."]
[Site "North Bay CAN"]
[Date "1996.08.11"]
[Round "9"]
[White "Kiviaho, Robert"]
[Black "Cossette, Daniel"]
[Result "1-0"]
[WhiteElo "2331"]
[BlackElo "2205"]
[PlyCount "97"]
[EventDate "1996.08.07"]
[EventType "swiss"]
[EventRounds "9"]
[EventCountry "CAN"]
[Source "ChessBase"]
[SourceDate "1997.11.17"]

1. Nf3 d5 2. c4 Nf6 3. d4 e6 4. Nc3 Nbd7 5. Bg5 Bb4 6. e3 c5 7. Bd3 Qa5 8. O-O
Bxc3 9. bxc3 dxc4 10. Bxc4 Qxc3 11. Rc1 Qa5 12. dxc5 O-O 13. Qd4 Re8 14. Bb3 e5
15. Qc4 Rf8 16. Bxf6 Nxf6 17. Nxe5 Be6 18. Qc3 Qxc3 19. Rxc3 Ne4 20. Rc2 Rac8
21. Rfc1 Rfd8 22. Bxe6 fxe6 23. f3 Rd5 24. c6 b6 25. f4 Rc7 26. Kf1 Kf8 27. Ke2
Ke7 28. Rd1 Kd6 29. Rc4 Nc5 30. Rcd4 b5 31. e4 Rxd4 32. Rxd4+ Ke7 33. Ke3 g6
34. Kd2 a5 35. g4 Ra7 36. h4 Rc7 37. g5 Na6 38. h5 gxh5 39. f5 exf5 40. exf5
Nc5 41. f6+ Ke6 42. f7 Rc8 43. c7 Kxe5 44. Rd8 Ne4+ 45. Ke3 Rxc7 46. Re8+ Kd5
47. f8=Q Rc3+ 48. Kf4 Rc4 49. Re5+ 1-0

[Event "North Bay int."]
[Site "North Bay CAN"]
[Date "1996.08.11"]
[Round "9"]
[White "Linskiy, Oleg"]
[Black "Rajlich, Vasik"]
[Result "1-0"]
[WhiteElo "2390"]
[BlackElo "2340"]
[PlyCount "62"]
[EventDate "1996.08.07"]
[EventType "swiss"]
[EventRounds "9"]
[EventCountry "CAN"]

1. d4 Nf6 2. Nf3 g6 3. b3 Bg7 4. Bb2 O-O 5. g3 b6 6. Bg2 Bb7 7. O-O d5 8. Ne5
Nbd7 9. c4 c6 10. Nd3 Qc7 11. Nd2 Rac8 12. Rc1 Qb8 13. Nf4 Rfd8 14. Rc2 e6 15.
Qa1 Qa8 16. a4 a5 17. Rfc1 Bf8 18. Nd3 Ne8 19. Re1 c5 20. cxd5 cxd4 21. Rxc8
Rxc8 22. Bxd4 Bxd5 23. e4 Bb7 24. Nc4 Nd6 25. Nde5 Rxc4 26. Nxd7 Rc6 27. Bxb6
Be7 28. Bd4 f5 29. Nc5 Rxc5 30. Bxc5 Nxe4 31. Bxe7 Nd2 1-0

[Event "North Bay int."]
[Site "North Bay CAN"]
[Date "1996.08.11"]
[Round "9"]
[White "Marshall, Peter"]
[Black "Castaneda, Nelson"]
[Result "0-1"]
[WhiteElo "2251"]
[BlackElo "2272"]
[PlyCount "72"]
[EventDate "1996.08.07"]
[EventType "swiss"]
[EventRounds "9"]
[EventCountry "CAN"]

1. d4 Nf6 2. c4 g6 3. Nc3 Bg7 4. e4 d6 5. f3 a6 6. Be3 O-O 7. Nge2 Nc6 8. Qd2
Rb8 9. g4 b5 10. Nf4 e5 11. dxe5 Nxe5 12. Be2 bxc4 13. h4 c6 14. O-O-O Ne8 15.
h5 Qa5 16. hxg6 fxg6 17. Rh2 Rf7 18. Rdh1 Rfb7 19. Rxh7 Rxb2 20. Rxg7+ Kxg7 21.
Qxb2 Rxb2 22. Kxb2 Nc7 23. Rd1 Nb5 24. Nxb5 axb5 25. Bd4 Qb4+ 26. Kc2 Qa3 27.
Kd2 Kf7 28. Nh3 c5 29. Ba1 Qxa2+ 30. Ke1 b4 31. Ng5+ Ke7 32. Bxe5 dxe5 33. Rd5
c3 34. Rxc5 Qd2+ 35. Kf1 c2 36. Rxe5+ Kf6 0-1

[Event "North Bay int."]
[Site "North Bay CAN"]
[Date "1996.08.11"]
[Round "9"]
[White "Milicevic, Goran"]
[Black "Karklins, Andrew"]
[Result "1-0"]
[WhiteElo "2393"]
[BlackElo "2380"]
[PlyCount "91"]
[EventDate "1996.08.07"]
[EventType "swiss"]
[EventRounds "9"]
[EventCountry "CAN"]

1. d4 Nf6 2. Nf3 e6 3. Bf4 b6 4. e3 Bb7 5. Nbd2 Be7 6. Bd3 Nh5 7. Bg3 c5 8. c3
Nc6 9. Qe2 a6 10. Rc1 Nxg3 11. hxg3 h6 12. a3 O-O 13. g4 Re8 14. Bb1 Bf8 15. g5
cxd4 16. cxd4 Rc8 17. Rd1 g6 18. gxh6 d5 19. Ne5 Nxe5 20. dxe5 Re7 21. Qg4 Rec7
22. Rh3 Kh7 23. Nf3 Be7 24. Qf4 Qg8 25. Nd4 Rc1 26. Kd2 Rxd1+ 27. Kxd1 Rc7 28.
Rg3 Bc8 29. Rf3 Bf8 30. g4 Rb7 31. Qf6 Re7 32. Nc6 Rd7 33. g5 d4 34. Nxd4 Bb7
35. Rf4 Bd5 36. Bd3 b5 37. b4 Bb7 38. Ke2 Bd5 39. f3 Ba2 40. Nc6 Bd5 41. Nd8
Bb3 42. Nxf7 Bd1+ 43. Kd2 Bb3 44. Kc3 Bxb4+ 45. axb4 Qc8+ 46. Kb2 1-0

[Event "North Bay int."]
[Site "North Bay CAN"]
[Date "1996.08.11"]
[Round "9"]
[White "Pacey, Kevin"]
[Black "Morrell, Gord"]
[Result "1/2-1/2"]
[WhiteElo "2297"]
[BlackElo "2226"]
[PlyCount "50"]
[EventDate "1996.08.07"]
[EventType "swiss"]
[EventRounds "9"]
[EventCountry "CAN"]

1. e4 g6 2. d4 Bg7 3. Nc3 d6 4. f4 c6 5. Nf3 Bg4 6. Be2 Qb6 7. e5 d5 8. h3 Bxf3
9. Bxf3 e6 10. g4 Ne7 11. a4 Nd7 12. a5 Qd8 13. Be3 Bf8 14. Bf2 Nc8 15. a6 b5
16. h4 Bb4 17. Kf1 Bxc3 18. bxc3 Ncb6 19. h5 Rg8 20. hxg6 hxg6 21. Bh4 Qc7 22.
Qe2 Nf8 23. Bg5 Kd7 24. Kf2 Re8 25. Rh2 Kc8 1/2-1/2

[Event "North Bay int."]
[Site "North Bay CAN"]
[Date "1996.08.11"]
[Round "9"]
[White "Zendrowski, Jay"]
[Black "Djerkovic, Miladin"]
[Result "1/2-1/2"]
[WhiteElo "2224"]
[BlackElo "2323"]
[PlyCount "52"]
[EventDate "1996.08.07"]
[EventType "swiss"]
[EventRounds "9"]
[EventCountry "CAN"]

1. e4 c5 2. Nf3 d6 3. d4 cxd4 4. Nxd4 Nf6 5. Nc3 g6 6. g3 Bg7 7. Bg2 O-O 8. O-O
Bd7 9. h3 Nc6 10. Nde2 Rb8 11. a4 a6 12. Bg5 h6 13. Be3 Ne5 14. Qc1 Kh7 15. b3
b5 16. axb5 axb5 17. Nd5 Ne8 18. Ba7 Rb7 19. Bd4 e6 20. Nb4 Nc6 21. Nxc6 Bxc6
22. Ra6 Qc7 23. Qe3 e5 24. Bb6 Qc8 25. c3 Nf6 26. Rd1 Rd7 1/2-1/2

[Event "North Bay int. U2200"]
[Site "North Bay CAN"]
[Date "1996.08.08"]
[Round "1"]
[White "Duralia, John"]
[Black "Veltmann, Alfred"]
[Result "0-1"]
[WhiteElo "1770"]
[BlackElo "1909"]
[PlyCount "78"]
[EventDate "1996.08.08"]
[EventType "swiss"]
[EventRounds "8"]
[EventCountry "CAN"]

1. e4 e5 2. Nf3 Nc6 3. Bb5 a6 4. Ba4 Nf6 5. O-O b5 6. Bb3 Be7 7. Re1 O-O 8. c3
d6 9. h3 Na5 10. Bc2 c5 11. d4 Qc7 12. d5 Ne8 13. Nbd2 Bd7 14. b3 g6 15. c4 Ng7
16. Bd3 f5 17. Qc2 f4 18. Be2 Nb7 19. Nf1 b4 20. Bb2 Qc8 21. Kh2 Kh8 22. N1d2
g5 23. Ng1 g4 24. Bf1 Rf6 25. Qd3 Rh6 26. a3 Bh4 27. g3 Bf6 28. gxf4 exf4 29.
Bxf6 Rxf6 30. e5 Bf5 31. exf6 Bxd3 32. fxg7+ Kxg7 33. Bxd3 Qf8 34. axb4 cxb4
35. Re6 f3 36. Re4 Nc5 37. Rxg4+ Kh8 38. Bc2 Qf6 39. Re1 h5 0-1

[Event "North Bay int. U2200"]
[Site "North Bay CAN"]
[Date "1996.08.08"]
[Round "1"]
[White "Gould, Charles"]
[Black "Veltmann, Martin"]
[Result "0-1"]
[WhiteElo "2018"]
[BlackElo "2200"]
[PlyCount "68"]
[EventDate "1996.08.08"]
[EventType "swiss"]
[EventRounds "8"]
[EventCountry "CAN"]

1. e4 c5 2. Nc3 e6 3. f4 Nc6 4. Nf3 d5 5. d3 d4 6. Ne2 Be7 7. c3 Qb6 8. Qb3
dxc3 9. bxc3 Nf6 10. Ng3 O-O 11. Be2 Bd7 12. Qc2 Rac8 13. Rb1 Qc7 14. O-O b6
15. Qd2 Rfd8 16. Bb2 Na5 17. Ne5 Be8 18. Kh1 Bd6 19. d4 Nd7 20. Nxd7 Rxd7 21.
e5 Bf8 22. Qe3 cxd4 23. cxd4 Nc4 24. Bxc4 Qxc4 25. Rbc1 Qa6 26. Rxc8 Qxc8 27.
f5 Rc7 28. f6 g6 29. Ne4 Rc2 30. Rf2 Rxf2 31. Nxf2 Qc2 32. Bc1 Bc6 33. Qd2 Qc4
34. h4 Qf1+ 0-1

[Event "North Bay int. U2200"]
[Site "North Bay CAN"]
[Date "1996.08.08"]
[Round "2"]
[White "Veltmann, Alfred"]
[Black "Dougherty, Doug"]
[Result "0-1"]
[WhiteElo "1909"]
[BlackElo "1996"]
[PlyCount "74"]
[EventDate "1996.08.08"]
[EventType "swiss"]
[EventRounds "8"]
[EventCountry "CAN"]

1. e4 c5 2. Nf3 d6 3. d4 cxd4 4. Nxd4 Nf6 5. Nc3 a6 6. Bg5 e6 7. Qd2 b5 8. a3
Bb7 9. O-O-O Nbd7 10. f4 Qb6 11. Re1 Rc8 12. Nf3 Nc5 13. Bxf6 gxf6 14. f5 b4
15. axb4 Qxb4 16. Qd4 Qxd4 17. Nxd4 Ke7 18. Kd1 Bh6 19. g3 Rhg8 20. Bc4 e5 21.
Nd5+ Bxd5 22. exd5 Rg4 23. Nc6+ Rxc6 24. dxc6 Rxc4 25. Re2 Nb3 26. c3 Nd4 27.
Ree1 Nxc6 28. Kc2 Nb8 29. Ra1 Rc5 30. Ra4 d5 31. Rh4 Be3 32. Rxh7 Rc8 33. Rh4
e4 34. g4 Nc6 35. Kd1 Ne5 36. Rh3 Bg5 37. Rh7 Nxg4 0-1

[Event "North Bay int. U2200"]
[Site "North Bay CAN"]
[Date "1996.08.08"]
[Round "2"]
[White "Veltmann, Martin"]
[Black "Yue (Young), Oliver"]
[Result "1-0"]
[WhiteElo "2200"]
[BlackElo "2088"]
[PlyCount "79"]
[EventDate "1996.08.08"]
[EventType "swiss"]
[EventRounds "8"]
[EventCountry "CAN"]

1. c4 e5 2. Nc3 Nf6 3. g3 Bb4 4. Bg2 O-O 5. Qb3 Bxc3 6. bxc3 Nc6 7. d3 Re8 8.
e4 a5 9. Ne2 d6 10. O-O Bg4 11. f3 Bd7 12. Be3 b6 13. h3 h6 14. Rf2 Qc8 15. Kh2
Nd8 16. Rg1 Ne6 17. Qd1 b5 18. cxb5 Bxb5 19. c4 Bd7 20. f4 Rb8 21. fxe5 dxe5
22. Qd2 Ng5 23. Bxg5 hxg5 24. Qxg5 Nh7 25. Qd2 a4 26. Rgf1 f6 27. Nc3 Ng5 28.
Nd5 Ne6 29. Rxf6 c6 30. Rf7 cxd5 31. exd5 Nf4 32. gxf4 Kxf7 33. fxe5+ Kg8 34.
e6 Qc7+ 35. Kh1 Bc8 36. Qf2 Rb7 37. Be4 Qe7 38. d6 Qxd6 39. Qg2 Rbe7 40. Qg6
1-0

[Event "North Bay int. U2200"]
[Site "North Bay CAN"]
[Date "1996.08.09"]
[Round "3"]
[White "Hua, Lefong"]
[Black "Veltmann, Martin"]
[Result "1-0"]
[WhiteElo "2267"]
[BlackElo "2200"]
[PlyCount "55"]
[EventDate "1996.08.08"]
[EventType "swiss"]
[EventRounds "8"]
[EventCountry "CAN"]

1. d4 Nf6 2. c4 g6 3. Nc3 Bg7 4. e4 O-O 5. f4 d6 6. Nf3 c5 7. d5 e6 8. Be2 exd5
9. cxd5 Re8 10. Nd2 b6 11. O-O Ba6 12. Bxa6 Nxa6 13. Re1 Nc7 14. a4 a6 15. Nc4
Rb8 16. e5 dxe5 17. d6 Ne6 18. fxe5 Nh5 19. Nd5 Qh4 20. Ncxb6 Nd4 21. Ne7+ Kh8
22. Nd7 Rb4 23. Nxc5 Nc2 24. d7 Rd8 25. Nc6 Nxe1 26. Nxd8 Bxe5 27. Nxf7+ Kg7
28. Bh6+ 1-0

[Event "North Bay int. U2200"]
[Site "North Bay CAN"]
[Date "1996.08.09"]
[Round "3"]
[White "Soudre, Nicolas"]
[Black "Veltmann, Alfred"]
[Result "1-0"]
[WhiteElo "1716"]
[BlackElo "1909"]
[PlyCount "44"]
[EventDate "1996.08.08"]
[EventType "swiss"]
[EventRounds "8"]
[EventCountry "CAN"]

1. e4 e5 2. f4 exf4 3. Nf3 d6 4. Bc4 Be7 5. O-O Nf6 6. Nc3 Bg4 7. d4 Nc6 8.
Bxf4 O-O 9. Qd2 Nxe4 10. Bxf7+ Rxf7 11. Nxe4 Rf8 12. Nfg5 Bxg5 13. Nxg5 Rf6 14.
h3 Bd7 15. Qd3 g6 16. Qb3+ Kg7 17. d5 Ne7 18. Qxb7 Qc8 19. Qxc8 Rxc8 20. Ne4
Rxf4 21. Rxf4 Nxd5 22. Rf2 Bf5 1-0

[Event "North Bay int. U2200"]
[Site "North Bay CAN"]
[Date "1996.08.09"]
[Round "4"]
[White "Veltmann, Alfred"]
[Black "Cunningham, Cliff"]
[Result "0-1"]
[WhiteElo "1909"]
[BlackElo "1858"]
[PlyCount "107"]
[EventDate "1996.08.08"]
[EventType "swiss"]
[EventRounds "8"]
[EventCountry "CAN"]

1. e4 c5 2. Nf3 e6 3. d4 cxd4 4. Nxd4 a6 5. Be2 Nf6 6. Bf3 Be7 7. O-O d6 8. Nc3
O-O 9. Be3 Nbd7 10. Nb3 Ne5 11. Be2 Qc7 12. f3 b5 13. a3 Bb7 14. Nd4 Rfd8 15.
Qe1 d5 16. exd5 Nxd5 17. Nxd5 Bxd5 18. c3 Ng6 19. g3 Bc5 20. f4 e5 21. f5 Ne7
22. Nc2 Be4 23. Rc1 Bxc2 24. Qf2 Bxe3 25. Qxe3 Bxf5 26. g4 Be6 27. Bf3 Bd5 28.
Rce1 f6 29. g5 Bxf3 30. Rxf3 Nd5 31. Qe4 Qc5+ 32. Kh1 Qc4 33. Qf5 Ne7 34. Qh3
Qc7 35. gxf6 gxf6 36. Qh6 Ng6 37. Rg1 Qg7 38. Qh3 Qb7 39. Qe6+ Qf7 40. Qg4 Qd7
41. Qh5 Rf8 42. h4 Kg7 43. Rfg3 Qd5+ 44. Kh2 Kh8 45. Rxg6 f5 46. Rg7 Qd2+ 47.
Kh3 Qd3+ 48. R1g3 Qf1+ 49. Kh2 Qf2+ 50. Kh1 Qe1+ 51. Kh2 Qf2+ 52. Rg2 Qf4+ 53.
Kg1 Qe3+ 54. Rf2 0-1

[Event "North Bay int. U2200"]
[Site "North Bay CAN"]
[Date "1996.08.09"]
[Round "4"]
[White "Veltmann, Martin"]
[Black "Lawless, David"]
[Result "1-0"]
[WhiteElo "2200"]
[BlackElo "2057"]
[PlyCount "79"]
[EventDate "1996.08.08"]
[EventType "swiss"]
[EventRounds "8"]
[EventCountry "CAN"]

1. c4 g6 2. Nc3 Bg7 3. d4 Nf6 4. e4 d6 5. Nf3 O-O 6. Be2 Nc6 7. O-O e5 8. d5
Ne7 9. Nd2 Ne8 10. b4 f5 11. f3 f4 12. c5 g5 13. Nc4 h5 14. h3 Rf7 15. a4 Ng6
16. Ba3 Bf8 17. Nb5 Rg7 18. cxd6 cxd6 19. Rc1 Nf6 20. Qb3 g4 21. hxg4 hxg4 22.
Kf2 Nxe4+ 23. fxe4 Qh4+ 24. g3 fxg3+ 25. Qxg3 Rf7+ 26. Kg2 Nf4+ 27. Rxf4 Qxg3+
28. Kxg3 exf4+ 29. Kf2 Rh7 30. Rg1 Rh2+ 31. Ke1 Rh4 32. Ncxd6 Bd7 33. e5 Bxd6
34. Nxd6 Rf8 35. e6 Bxe6 36. dxe6 f3 37. e7 f2+ 38. Kf1 fxg1=Q+ 39. Kxg1 Rh3
40. Bc4+ 1-0

[Event "North Bay int. U2200"]
[Site "North Bay CAN"]
[Date "1996.08.10"]
[Round "5"]
[White "Burgess, Doug"]
[Black "Veltmann, Alfred"]
[Result "1/2-1/2"]
[WhiteElo "1885"]
[BlackElo "1909"]
[PlyCount "144"]
[EventDate "1996.08.08"]
[EventType "swiss"]
[EventRounds "8"]
[EventCountry "CAN"]

1. e4 e5 2. Nf3 Nc6 3. d4 exd4 4. Nxd4 Bc5 5. Nb3 Bb6 6. a4 Qf6 7. Qe2 a6 8. a5
Ba7 9. Nc3 Nd4 10. Nxd4 Bxd4 11. Nd5 Qc6 12. c3 Ba7 13. Qc4 Bb8 14. Bf4 Qxc4
15. Bxc4 d6 16. O-O Ne7 17. Nxe7 Kxe7 18. Be3 Be6 19. Bd3 f6 20. f4 Ba7 21.
Rae1 h6 22. h3 Rhd8 23. Kh2 Bxe3 24. Rxe3 Rg8 25. Rfe1 Rad8 26. f5 Bf7 27. g4
Rge8 28. Bf1 Kf8 29. Bg2 Re5 30. Rd1 Rxa5 31. Rd2 Re5 32. Re1 Ke7 33. Kg3 Bb3
34. Kf4 a5 35. Bf1 d5 36. h4 Rd6 37. Re3 Rxe4+ 38. Rxe4+ dxe4 39. Rxd6 Kxd6 40.
Kxe4 Bd1 41. Kf4 Kc5 42. g5 h5 43. gxf6 gxf6 44. Bd3 b5 45. Ke4 b4 46. Ke3 bxc3
47. bxc3 a4 48. Kd2 Bb3 49. Kc1 Kd6 50. Kb2 Ke5 51. Ka3 c5 52. Be2 Bf7 53. Kxa4
Kxf5 54. Kb5 c4 55. Bxc4 Bxc4+ 56. Kxc4 Ke4 57. Kb4 f5 58. c4 f4 59. c5 f3 60.
c6 f2 61. c7 f1=Q 62. c8=Q Qb1+ 63. Ka3 Qd3+ 64. Kb2 Qd2+ 65. Kb3 Qd1+ 66. Kb4
Kf4 67. Qc4+ Kg3 68. Kb5 Qg4 69. Qc6 Qxh4 70. Qe8 Kg4 71. Qe2+ Kh3 72. Qf3+ Qg3
1/2-1/2

[Event "North Bay int. U2200"]
[Site "North Bay CAN"]
[Date "1996.08.10"]
[Round "5"]
[White "McTavish, David"]
[Black "Veltmann, Martin"]
[Result "0-1"]
[WhiteElo "2160"]
[BlackElo "2200"]
[PlyCount "80"]
[EventDate "1996.08.08"]
[EventType "swiss"]
[EventRounds "8"]
[EventCountry "CAN"]

1. e4 e5 2. f4 exf4 3. Nf3 d6 4. Bc4 h6 5. d4 g5 6. O-O Bg7 7. c3 Ne7 8. g3 Ng6
9. Qb3 O-O 10. gxf4 gxf4 11. e5 dxe5 12. Qc2 Qd6 13. b3 exd4 14. Ba3 c5 15.
cxd4 Nc6 16. Bxc5 Nxd4 17. Nxd4 Bxd4+ 18. Bxd4 Qxd4+ 19. Kh1 Qf6 20. Nc3 Bf5
21. Nd5 Bxc2 22. Nxf6+ Kh8 23. Rac1 Bf5 24. Bd5 Rad8 25. Rc7 Rxd5 26. Nxd5 Be4+
27. Kg1 Bxd5 28. Rd1 Bc6 29. b4 a6 30. Rd6 Kg7 31. a4 Re8 32. b5 axb5 33. axb5
Bxb5 34. Rxb7 Bc4 35. Rd4 Be6 36. Kf2 Ra8 37. Rb2 Ra3 38. Rd6 Ne5 39. Rb7 Kf6
40. Rb4 Nd3+ 0-1

[Event "North Bay int. U2200"]
[Site "North Bay CAN"]
[Date "1996.08.10"]
[Round "6"]
[White "Veltmann, Alfred"]
[Black "Kurkowski, Ken"]
[Result "0-1"]
[WhiteElo "1909"]
[BlackElo "1820"]
[PlyCount "50"]
[EventDate "1996.08.08"]
[EventType "swiss"]
[EventRounds "8"]
[EventCountry "CAN"]

1. e4 c5 2. Nf3 Nc6 3. d4 cxd4 4. Nxd4 g6 5. Be2 Bg7 6. c3 Nf6 7. Nxc6 bxc6 8.
Qc2 e5 9. Bg5 O-O 10. Nd2 d5 11. Rd1 Be6 12. Nb3 h6 13. Bxf6 Bxf6 14. Nc5 Qb6
15. Nxe6 fxe6 16. exd5 Bg7 17. Bd3 exd5 18. Bxg6 e4 19. Rf1 Qc7 20. Qe2 Qf4 21.
c4 Rad8 22. g4 Rb8 23. Bf5 Rxb2 24. Qe3 Qxe3+ 25. fxe3 Bc3+ 0-1

[Event "North Bay int. U2200"]
[Site "North Bay CAN"]
[Date "1996.08.10"]
[Round "6"]
[White "Veltmann, Martin"]
[Black "Frilles, Ruperto"]
[Result "1-0"]
[WhiteElo "2200"]
[BlackElo "2195"]
[PlyCount "107"]
[EventDate "1996.08.08"]
[EventType "swiss"]
[EventRounds "8"]
[EventCountry "CAN"]

1. c4 c5 2. Nc3 Nc6 3. g3 g6 4. Bg2 Bg7 5. e3 e5 6. Nge2 Nge7 7. O-O d6 8. d3
Bd7 9. a3 O-O 10. Rb1 a5 11. Nb5 Be6 12. Nec3 Qd7 13. Ne4 Nc8 14. Ng5 Bf5 15.
e4 Bg4 16. f3 Be6 17. Bd2 N8a7 18. Nxe6 fxe6 19. Nxa7 Rxa7 20. Bh3 Kh8 21. Bc3
g5 22. Bd2 Qe7 23. Be3 h6 24. Kg2 Raa8 25. Bg4 Qf7 26. Qd2 h5 27. Bh3 Bf6 28.
Bxg5 Qg6 29. Bh6 Rfe8 30. Rf2 Nd8 31. Be3 Nf7 32. Kh1 b6 33. Rg1 Rad8 34. Qe2
d5 35. cxd5 exd5 36. Bf5 Qg7 37. f4 dxe4 38. Qxh5+ Kg8 39. Bxe4 Kf8 40. Rgf1
Rd6 41. fxe5 Rxe5 42. Rf5 Rde6 43. Bf4 Rxf5 44. Qxf5 Ke7 45. Bd5 Re2 46. Bxf7
Qxf7 47. Bg5 Re6 48. Bxf6+ Rxf6 49. Qxf6+ Qxf6 50. Rxf6 Kxf6 51. Kg2 b5 52. Kf3
Ke5 53. Ke3 b4 54. a4 1-0

[Event "North Bay int. U2200"]
[Site "North Bay CAN"]
[Date "1996.08.11"]
[Round "7"]
[White "Leriche, Felix"]
[Black "Veltmann, Martin"]
[Result "1-0"]
[WhiteElo "2123"]
[BlackElo "2200"]
[PlyCount "49"]
[EventDate "1996.08.08"]
[EventType "swiss"]
[EventRounds "8"]
[EventCountry "CAN"]

1. e4 e5 2. f4 exf4 3. Nc3 d6 4. d4 Qh4+ 5. Ke2 Nc6 6. Nf3 Bg4 7. Bxf4 Bxf3+ 8.
Kxf3 g5 9. Be3 g4+ 10. Ke2 Bh6 11. Qe1 Qh5 12. Kf2 Qh4+ 13. Ke2 Qh5 14. Kd3
O-O-O 15. g3 f5 16. Bxh6 Nxh6 17. Nd5 Rde8 18. Bg2 fxe4+ 19. Bxe4 Rhf8 20. Rf1
Rf3+ 21. Rxf3 gxf3 22. Nf6 Qb5+ 23. c4 Nb4+ 24. Kc3 Nd5+ 25. Nxd5 1-0

[Event "North Bay int. U2200"]
[Site "North Bay CAN"]
[Date "1996.08.11"]
[Round "7"]
[White "Veltmann, Alfred"]
[Black "Takov, Chris"]
[Result "0-1"]
[WhiteElo "1909"]
[BlackElo "1949"]
[PlyCount "51"]
[EventDate "1996.08.08"]
[EventType "swiss"]
[EventRounds "8"]
[EventCountry "CAN"]

1. e4 e6 2. d4 d5 3. Nc3 Nf6 4. e5 Nfd7 5. Nf3 c5 6. Bb5 Nc6 7. O-O cxd4 8.
Bxc6 bxc6 9. Qxd4 Bc5 10. Qg4 O-O 11. Bh6 g6 12. Bxf8 Bxf8 13. Rfe1 Bg7 14. h4
h5 15. Qg5 Qf8 16. Qf4 Rb8 17. Rab1 Rb4 18. Qh2 Bb7 19. a3 Rg4 20. b4 d4 21.
Ne4 f5 22. Ned2 c5 23. Kf1 Bd5 24. Ke2 Nb6 25. Rg1 Na4 26. Rbc1 0-1

[Event "North Bay int. U2200"]
[Site "North Bay CAN"]
[Date "1996.08.11"]
[Round "8"]
[White "Kenzie, Steve"]
[Black "Veltmann, Alfred"]
[Result "1-0"]
[WhiteElo "1922"]
[BlackElo "1909"]
[PlyCount "80"]
[EventDate "1996.08.08"]
[EventType "swiss"]
[EventRounds "8"]
[EventCountry "CAN"]

1. d4 Nf6 2. Bf4 d5 3. Nf3 e6 4. Nbd2 Bd6 5. Bg5 Nbd7 6. e3 h6 7. Bh4 c5 8. c3
Qc7 9. Be2 b6 10. Bb5 O-O 11. Qe2 a6 12. Bd3 c4 13. Bc2 b5 14. e4 dxe4 15. Nxe4
Nxe4 16. Bxe4 Bb7 17. Nd2 Bd5 18. Bg3 Nf6 19. O-O Bf4 20. Bxf4 Qxf4 21. g3 Qg4
22. Qxg4 Nxg4 23. Bxd5 exd5 24. Nf3 Rfe8 25. Rae1 Kf8 26. h3 Nf6 27. Ne5 Ra7
28. Nc6 Rxe1 29. Rxe1 Rc7 30. Nb4 a5 31. Na6 Rc6 32. Nc5 Rc7 33. f3 Nd7 34.
Nxd7+ Rxd7 35. Re5 f6 36. Re6 b4 37. Ra6 bxc3 38. bxc3 Rb7 39. Rxa5 Rb2 40.
Rxd5 Rxa2 1-0

[Event "North Bay int. U2200"]
[Site "North Bay CAN"]
[Date "1996.08.11"]
[Round "8"]
[White "Peterson, George"]
[Black "Boehmer, Kris"]
[Result "1/2-1/2"]
[WhiteElo "2091"]
[BlackElo "2144"]
[PlyCount "65"]
[EventDate "1996.08.08"]
[EventType "swiss"]
[EventRounds "8"]
[EventCountry "CAN"]
[Source "CFC"]
[SourceDate "2002.12.??"]

1. d4 Nf6 2. c4 e6 3. Nc3 Bb4 4. a3 Bxc3+ 5. bxc3 c5 6. Bg5 Qa5 7. Bd2 O-O 8.
e3 d6 9. Bd3 e5 10. Qc2 Bd7 11. e4 Re8 12. d5 Ba4 13. Qc1 Bb3 14. Rb1 Qa4 15.
Rxb3 Qxb3 16. Nf3 Nbd7 17. Bg5 Qb6 18. O-O h6 19. Bd2 Qd8 20. g3 Nf8 21. Nh4
Ng6 22. Nf5 Ne7 23. Nh4 Qd7 24. f4 exf4 25. Bxf4 Ng6 26. Nf5 Nxe4 27. Bxh6 Re5
28. Bxe4 Rxe4 29. Bxg7 Rae8 30. Qh6 Re1 31. g4 Rxf1+ 32. Kxf1 Qa4 33. Be5
1/2-1/2

[Event "North Bay int. U2200"]
[Site "North Bay CAN"]
[Date "1996.08.11"]
[Round "8"]
[White "Veltmann, Martin"]
[Black "Rulloda, Rogelio"]
[Result "1-0"]
[WhiteElo "2200"]
[BlackElo "2166"]
[PlyCount "107"]
[EventDate "1996.08.08"]
[EventType "swiss"]
[EventRounds "8"]
[EventCountry "CAN"]

1. c4 Nf6 2. Nc3 e6 3. d4 Bb4 4. e3 c5 5. Nge2 d6 6. a3 Ba5 7. Bd2 O-O 8. d5 e5
9. e4 a6 10. Ng3 Ne8 11. Bd3 g6 12. O-O Ng7 13. f4 exf4 14. Bxf4 Qe7 15. Rb1
Bd8 16. b4 b6 17. bxc5 bxc5 18. Na4 Nd7 19. Kh1 Ne5 20. Nb6 Bg4 21. Be2 Bxe2
22. Qxe2 Bxb6 23. Rxb6 Rfb8 24. Rfb1 Rxb6 25. Rxb6 Qc7 26. Rb2 Re8 27. Bxe5
Rxe5 28. Qf3 f5 29. h3 h5 30. exf5 Re1+ 31. Kh2 h4 32. Ne4 Nxf5 33. Qg4 Qf7 34.
Rb8+ Kg7 35. Ng5 Qc7 36. Rb3 Qa7 37. Nf3 Ne3 38. Qxh4 Re2 39. Ng5 Qe7 40. Ne6+
Kf7 41. Rb7 Qxb7 42. Nd8+ Kg7 43. Nxb7 Nxg2 44. Qg4 Nf4+ 45. Kg3 Nh5+ 46. Kf3
Ra2 47. Qd7+ Kh6 48. Nxd6 Rxa3+ 49. Kf2 Ra2+ 50. Ke3 Ra3+ 51. Kd2 Nf6 52. Qe7
Rf3 53. Nf7+ Kh5 54. Qe2 1-0